000 00559nam a2200217Ia 4500
005 20260429111900.0
008 260429s9999||||xx |||||||||||||| ||und||
020 _a9788196582807
041 _aEnglish
082 _a709.34
_bGOY
100 _aGoyal, Shankar
245 0 _aEssays on Gupta art /
_cShankar Goyal
260 _aJaipur :
_bY King Books,
_c2024.
300 _axviii, 230 p.; hb
650 _a Ancient Indian sculpture
650 _a Archaeology
650 _a Art history
650 _a Indian art
650 _aGupta art
942 _cTB
999 _c51262
_d51262